Primeros encuentros internacionales de compositoras (Record no. 197160)
[ view plain ]
| 000 -LEADER | |
|---|---|
| campo de control de longitud fija | 01701nim a2200361 i 4500 |
| 001 - NÚMERO DE CONTROL | |
| campo de control | 197160 |
| 003 - IDENTIFICADOR DE NÚMERO DE CONTROL | |
| campo de control | ES-MaACL |
| 005 - FECHA Y HORA DE LA ÚLTIMA TRANSACCIÓN | |
| campo de control | 20250828062548.0 |
| 007 - CAMPO FIJO DE DESCRIPCIÓN FÍSICA--INFORMACIÓN GENERAL | |
| campo de control de longitud fija | ss lsnjlcipnne |
| 008 - DATOS DE LONGITUD FIJA--INFORMACIÓN GENERAL | |
| campo de control de longitud fija | 300425s1990 sp nnnn |||| 00| spa d |
| 040 ## - FUENTE DE CATALOGACIÓN | |
| Lengua de catalogación | spa |
| Centro/agencia transcriptor | ES-MaACL |
| 100 1# - ENTRADA PRINCIPAL--NOMBRE DE PERSONA | |
| 9 (RLIN) | 240164 |
| Nombre de persona | Cruz, Zulema de la, |
| Fechas asociadas al nombre | 1958- |
| 245 ## - MENCIÓN DEL TÍTULO | |
| Título | Primeros encuentros internacionales de compositoras |
| Medio | [Grabación sonora] : |
| Resto del título | conferencia "La compositora y su música" / |
| Mención de responsabilidad, etc. | por Zulema de la Cruz |
| 260 ## - PUBLICACIÓN, DISTRIBUCIÓN, ETC. | |
| Lugar de publicación, distribución, etc. | Madrid : |
| Nombre del editor, distribuidor, etc. | Ateneo de Madrid, |
| Fecha de publicación, distribución, etc. | 1990. |
| 300 ## - DESCRIPCIÓN FÍSICA | |
| Extensión | 1 casete (ca. 90 min) : |
| Otras características físicas | son. ; |
| Dimensiones | 11 cm |
| 490 1# - MENCIÓN DE SERIE | |
| Materiales especificados | Actos culturales en el Ateneo de Madrid |
| 518 ## - NOTA DE FECHA/HORA Y LUGAR DE UN ACONTECIMIENTO | |
| Nota de fecha/hora y lugar de un acontecimiento | Grabado el 16 de febrero de 1990 en el Salón de Actos del Ateneo de Madrid. |
| 520 ## - RESUMEN, ETC. | |
| Sumario, etc. | Conferencia "La compositora y su música" por la compositora Zulema de la Cruz, que tiene lugar en el marco de la Agrupación Ateneísta de Estudios sobre la Mujer "Clara Campoamor" en colaboración con la Asociación Mujeres en la Música. |
| 540 ## - NOTA DE CONDICIONES DE USO Y REPRODUCCIÓN | |
| Condiciones de uso y reproducción | Documento inédito |
| 594 ## - Nota al título y mención de responsabilidad | |
| a | Datos basados en la invitación. |
| 610 20 - PUNTO DE ACCESO ADICIONAL DE MATERIA--NOMBRE DE ENTIDAD CORPORATIVA | |
| Nombre de entidad corporativa o nombre de jurisdicción como elemento de entrada | Ateneo de Madrid- |
| Subdivisión general | Actos culturales- |
| Subdivisión cronológica | 1990- |
| Subdivisión de forma | Grabaciones sonoras |
| 9 (RLIN) | 240083 |
| 650 #7 - PUNTO DE ACCESO ADICIONAL DE MATERIA--TÉRMINO DE MATERIA | |
| Término de materia o nombre geográfico como elemento de entrada | Música |
| Fuente del encabezamiento o término | embne |
| 9 (RLIN) | 15376 |
| 653 ## - TÉRMINO DE INDIZACIÓN--NO CONTROLADO | |
| Término no controlado | Archivo de la palabra |
| 655 #0 - TERMINO DE INDIZACIÓN--GENERO/FORMA | |
| Datos o término principal de género/forma | Conferencias |
| 9 (RLIN) | 234444 |
| 700 1# - ENTRADA AGREGADA--NOMBRE PERSONAL | |
| Nombre de persona | Cruz, Zulema de la, |
| Término indicativo de función/relación | Orador |
| 9 (RLIN) | 240164 |
| Fechas asociadas al nombre | 1958- |
| 710 ## - ENTRADA AGREGADA--NOMBRE DE ENTIDAD CORPORATIVA | |
| Nombre de entidad corporativa o nombre de jurisdicción como elemento de entrada | Ateneo de Madrid. |
| Unidad subordinada | Agrupación Ateneísta de Estudios sobre la Mujer "Clara Campoamor" |
| Término indicativo de función/relación | Sede |
| 9 (RLIN) | 240081 |
| 710 ## - ENTRADA AGREGADA--NOMBRE DE ENTIDAD CORPORATIVA | |
| Nombre de entidad corporativa o nombre de jurisdicción como elemento de entrada | Asociación Mujeres en la Música |
| Término indicativo de función/relación | Colaborador |
| 9 (RLIN) | 240166 |
| 830 #0 - PUNTO DE ACCESO ADICIONAL DE SERIE-TÍTULO UNIFORME | |
| Título uniforme | Actos culturales en el Ateneo de Madrid |
| 9 (RLIN) | 240237 |
| 852 ## - LOCALIZACIÓN | |
| Ubicación | ES-MaACL |
| Ubicación en estantería | Depósito Z |
| itemnumber | 205153 |
| 942 ## - ELEMENTOS DE ENTRADA SECUNDARIOS (KOHA) | |
| Fuente del sistema de clasificación o colocación | Clasificación decimal universal |
| Suprimir en OPAC | No |
| Tipo de ítem Koha | Casete |
| Estatus retirado | Estado de pérdida | Fuente del sistema de clasificación o colocación | Estado de daño | No para préstamo | Colección | Biblioteca de origen | Biblioteca actual | Ubicación en estantería | Fecha de adquisición | Total de préstamos | Signatura topográfica completa | Código de barras | Visto por última vez | Precio de reemplazo | Tipo de ítem Koha |
|---|---|---|---|---|---|---|---|---|---|---|---|---|---|---|---|
| Clasificación decimal universal | Archivo de la palabra | Biblioteca del Ateneo de Madrid | Biblioteca del Ateneo de Madrid | Depósito Z | 30/04/2025 | AP/930 | 2025-0061 | 30/04/2025 | 30/04/2025 | Casete |
